| 000 | 00719nam a2200229Ia 4500 | ||
|---|---|---|---|
| 003 | OSt | ||
| 005 | 20260312113817.0 | ||
| 008 | 210716s2008 xx 000 0 und d | ||
| 020 | _a9780195698404 | ||
| 040 | _cAIMIT LIBRARY | ||
| 041 | _aeng | ||
| 082 |
_a511.3 _21 _bBREJ |
||
| 100 |
_aBreitenbach, Jerome R. _9258615 |
||
| 245 |
_aMathematics companion for science and engineering students / _cBy Jerome R Breitenbach. |
||
| 250 | _a1st ed. | ||
| 260 |
_aNew Delhi : _bOxford University Press , _c2008. |
||
| 300 |
_axxv,468p. ; _bPB _c24.7 cm |
||
| 650 |
_aSequences _9258616 |
||
| 650 |
_aExponentials and logarithms _9258617 |
||
| 650 |
_aMathematics in practice _9258618 |
||
| 942 |
_2ddc _cBK _e1st _k511.3 BREJ |
||
| 999 |
_c189692 _d189692 |
||